000 00561nam a22002417a 4500
003 UA-OsUOA
001 25826
007 ta
008 20040428b un ||||| |||| 00| 0 ukr d
100 _aСмирнов В.В.
090 _a368.01(075.8)
_bС50
942 _cBK
040 _aUA-OsUOA
_brus
_cUA-OsUOA
_dUA-OsUOA
245 _aЗалог и страхование
_bПособие
300 _a101 с.
955 _a0
041 _arus
080 _a368.01(075.8)
260 _aКиев
_c1995
044 _aUA
650 7 _2UDC
999 _c312130
_d312130